Cơ học

Cơ học lí thuyết là khoa học nghiên cứu các quy luật về chuyển động cơ học của các vật thể trong không gian, theo thời gian.

Uloženo v:
Podrobná bibliografie
Hlavní autor: Đỗ, Sanh
Médium: Kniha
Jazyk:Undetermined
Vydáno: Hà Nội Giáo dục Việt Nam 2013
Témata:
Tagy: Přidat tag
Žádné tagy, Buďte první, kdo otaguje tento záznam!
Thư viện lưu trữ: Trung tâm Học liệu Trường Đại học Cần Thơ
LEADER 00823nam a2200217Ia 4500
001 CTU_188162
008 210402s9999 xx 000 0 und d
020 |c 24000 
082 |a 531.1 
082 |b S107/T.1 
100 |a Đỗ, Sanh 
245 0 |a Cơ học 
245 0 |c Đỗ Sanh, Nguyễn Văn Đình, Nguyễn Văn Khang (chủ biên) 
260 |a Hà Nội 
260 |b Giáo dục Việt Nam 
260 |c 2013 
520 |a Cơ học lí thuyết là khoa học nghiên cứu các quy luật về chuyển động cơ học của các vật thể trong không gian, theo thời gian. 
526 |a Cơ lý thuyết 
650 |a Mechanics,Cơ học,Dynamics 
910 |a Lê Cẩm Vân,Hải 
980 |a Trung tâm Học liệu Trường Đại học Cần Thơ